Soccer Players by Letter - M - Statistics

General Stats
  • This quiz has been taken 579 times
  • The average score is 10 of 12
Answer Stats
Picture Answer % Correct
Kylian Mbappé
100%
Lionel Messi
100%
Luka Modrić
99%
Diego Maradona
98%
Thomas Müller
96%
Marcelo
94%
Sadio Mané
94%
Paulo Maldini
92%
Riyad Mahrez
86%
Bobby Moore
56%
Lothar Matthäus
55%
Diego Milito
43%
No matching quizzes found
Score Distribution
Percent of People with Each Score
Percentile by Number Answered
Your Score History
You have not taken this quiz